Italien - Statistiques

Statistiques générales
  • Ce quiz a été pris 6 fois
  • Le résultat moyen est 8 sur 60
Statistiques - réponses
Hint Réponse % Correct
Passato prossimo per ARE Ato
50%
dove
50%
Passato prossimo per IRE Ito
50%
Mais ma
50%
Ou O
50%
Car perché
50%
pourquoi/parceque perché
50%
Un Roman Romanzo
50%
alors allora
25%
Aussi Anche
25%
L'acteur Attore
25%
Passato prossimo per Avere Avuto
25%
Dramatique Dramatico
25%
donc dunque
25%
Passato prossimo per Fare Fatto
25%
en effet infatti
25%
Peur Paura
25%
Personnage Personaggio
25%
Passato prossimo per Stare/essere Stato
25%
stupeur Stupore
25%
Sur la Sulla
25%
Passato prossimo per ERE Uto
25%
Passato prossimo per Venire Venuto
25%
Passato prossimo per Vedere Visto
25%
Auteur.trice Autore.trice
0%
Imperfetto per ARE avo, avi, ava, avamo, avate, avano
0%
Comique Comico
0%
Imperfetto per Dire Dicevo
0%
Imperfetto per Essere Ero, eri, era, eravamo, eravate, erano
0%
Imperfetto per ERE evo, evi, eva, evamo, evate, evano
0%
Imperfetto per Fare Facevo
0%
Science fiction Fantascienza
0%
Une Fable Favola
0%
Un comte de fée Fiaba
0%
Confiance Fiducia
0%
Une fiction Finzione
0%
Un genre genere
0%
... Policier Giallo
0%
Conjugaison présent Avere ho, hai, ha, abbiamo, avete, hanno
0%
le film me fait ressentir Il file me provoca un sentimento di
0%
Le protagoniste Il protagonista
0%
Un enquête Indagine
0%
en fait in effetti
0%
En outre inoltre
0%
En revanche invece
0%
Enervement Ira
0%
Imperfetto per IRE ivo, ivi, iva, ivamo, ivate, ivano
0%
Autobiographie L'autobiografia
0%
Affiche Locandina
0%
Pronomi forma tonica me, te, lui, lei, noi, voi, loro
0%
Passato prossimo per Mi piace Mi sono piacuto
0%
Pronomi forma atona mi, ti, lo, la, ci, vi, li, le
0%
Producteur Produttore
0%
quand quando
0%
rage Rabbia
0%
Jouer (film) Recitare
0%
Réalisateur Regista
0%
Se déroule Si svolge
0%
Conjugaison présent Essere Sono, sei, è, siamo, siete, sono
0%
L'histoire Trama
0%
Aucun quiz correspondant
Distribution des résultats
% des personnes avec chaque résultat
Percentile par nombre de réponses
Votre historique - résultats
Vous n’avez pas pris ce quiz